000 00655nam a2200193 i 4500
001 61039
003 ES-MaACL
005 20230906164344.0
007 t|
008 031110s1971 sp ||||1| spa d
245 0 0 _aEstudios sobre el nacimiento y desarrollo del capitalismo /
_cDavid S. Landes ... [et al.] ; [traductores: Jorge Fabra Ultray, Leopoldo Pérez Pita].
260 _a[Madrid] :
_bAyuso,
_c[1971]
300 _a193 p. ;
_c19 cm.
700 1 _aLandes, David S.
_969945
700 1 _aFabra Ultray, Jorge.
_948529
700 1 _aPérez Pita, Leopoldo.
_991088
852 _aES-MaACL
_jC-45309
_bR.79185
852 _aES-MaACL
_jA-10686
_bR.100020
999 _c61039
_d61039